Türkiye-Makedonya ilişkileri / (Record no. 200129374)
[ view plain ]
| 000 -LEADER | |
|---|---|
| fixed length control field | 01101 a2200325 4500 |
| 001 - CONTROL NUMBER | |
| control field | 200129374 |
| 003 - CONTROL NUMBER IDENTIFIER | |
| control field | TR-AnTOB |
| 005 - DATE AND TIME OF LATEST TRANSACTION | |
| control field | 20240814073633.0 |
| 008 - FIXED-LENGTH DATA ELEMENTS--GENERAL INFORMATION | |
| fixed length control field | 130521e2012 tu 000 0 |
| 020 ## - INTERNATIONAL STANDARD BOOK NUMBER | |
| International Standard Book Number | 9786055296131 |
| 040 ## - CATALOGING SOURCE | |
| Original cataloging agency | TR-AnTOB |
| 041 ## - LANGUAGE CODE | |
| Language code of text/sound track or separate title | Türkçe |
| 050 00 - LIBRARY OF CONGRESS CALL NUMBER | |
| Classification number | DR479.M27 |
| Item number | T87 2012 |
| 090 ## - LOCALLY ASSIGNED LC-TYPE CALL NUMBER (OCLC); LOCAL CALL NUMBER (RLIN) | |
| Classification number (OCLC) (R) ; Classification number, CALL (RLIN) (NR) | DR479.M27 T87 2012 |
| 245 00 - TITLE STATEMENT | |
| Title | Türkiye-Makedonya ilişkileri / |
| Statement of responsibility, etc. | editör Yeliz Okay, Tuncay Babalı. |
| 264 #1 - PRODUCTION, PUBLICATION, DISTRIBUTION, MANUFACTURE, AND COPYRIGHT NOTICE | |
| Place of production, publication, distribution, manufacture | İstanbul: |
| Name of producer, publisher, distributor, manufacturer | Doğu Kitabevi, |
| Date of production, publication, distribution, manufacture, or copyright notice | 2012. |
| 300 ## - PHYSICAL DESCRIPTION | |
| Extent | 160 p.; |
| Dimensions | 23 cm. |
| 490 0# - SERIES STATEMENT | |
| Series statement | Doğu Kitabevi Tarih ve Uygarlık Dizisi; |
| Volume/sequential designation | 5. |
| 651 #7 - SUBJECT ADDED ENTRY--GEOGRAPHIC NAME | |
| Geographic name | Türkiye |
| General subdivision | Siyaset ve yönetim |
| Source of heading or term | |
| 9 (RLIN) | 120128 |
| 651 #7 - SUBJECT ADDED ENTRY--GEOGRAPHIC NAME | |
| Geographic name | Makedonya |
| General subdivision | Siyaset ve yönetim |
| Source of heading or term | etuturkob |
| 9 (RLIN) | 89408 |
| Geographic name | Macedonia |
| General subdivision | Politics and government |
| 9 (RLIN) | 89409 |
| Geographic name | Turkey |
| General subdivision | Relations |
| Geographic subdivision | Macedonia |
| 9 (RLIN) | 89410 |
| Geographic name | Türkiye |
| General subdivision | İlişkiler |
| Geographic subdivision | Makedonya |
| 9 (RLIN) | 89411 |
| Geographic name | Turkey |
| General subdivision | Politics and government |
| 9 (RLIN) | 55303 |
| 700 1# - ADDED ENTRY--PERSONAL NAME | |
| Personal name | Okay, Yeliz |
| 9 (RLIN) | 89173 |
| Personal name | Babalı, Tuncay |
| 9 (RLIN) | 89174 |
| 710 2# - ADDED ENTRY--CORPORATE NAME | |
| Corporate name or jurisdiction name as entry element | Türkiye. |
| Subordinate unit | Dışişleri Bakanlığı. |
| -- | Stratejik Araştırmalar Merkezi |
| 9 (RLIN) | 89175 |
| 942 ## - ADDED ENTRY ELEMENTS (KOHA) | |
| Koha item type | Book |
| Withdrawn status | Lost status | Source of classification or shelving scheme | Not for loan | Collection code | Home library | Current library | Shelving location | Date acquired | Source of acquisition | Cost, normal purchase price | Serial Enumeration / chronology | Inventory number | Total Checkouts | Total Holds | Full call number | Barcode | Copy number | Cost, replacement price | Date shelved | Koha item type | Date last seen | Public note |
|---|---|---|---|---|---|---|---|---|---|---|---|---|---|---|---|---|---|---|---|---|---|---|
| Ödünç Verilebilir / Available | Genel Koleksiyon | Merkez Kütüphane | Merkez Kütüphane | Genel Koleksiyon / Main Collection | 20/05/2013 | Bağış / Donation | 0.00 | 1 | TAR | DR479.M27 T87 2012 | 0041250 | 1 | 0.01 | Book | ||||||||
| Library of Congress Classification | Ödünç Verilebilir / Available | Genel Koleksiyon | Merkez Kütüphane | Merkez Kütüphane | Genel Koleksiyon / Main Collection | 24/09/2020 | Bağış / Donation | 0.00 | TAR | DR479.M27 T87 2012 c.2 | 0062307 | 2 | 0.01 | 30/09/2020 | Book | 25/09/2020 | Donated by Birgül Demirtaş |
